000 00712nam a2200205Ia 4500
005 20260121110227.0
008 008 260114s9999 xx 000 0 hin d
020 _a9788132300601
037 _aEBOOK
040 _aCRL
_bhin
_cCRL
041 _ahin
_2hin
084 _qCRL
100 _aरमाकान्त / Ramakanth
_9943600
245 0 _aतुलनात्मक राजनीति, सरकार एवं संस्थाएँ / Tulnatmak Rajneeti, Sarkar Evam Sansthaayein
260 _bभाषा प्रकाशन / Bhasha Prakashan
_c2020
856 _uhttps://bhashaprakashan.com/product-details/377726
942 _cEBOOK
999 _c1535265
_d1535265